| 000 | 00712nam a2200217 i 4500 | ||
|---|---|---|---|
| 001 | 172981 | ||
| 003 | ES-MaACL | ||
| 005 | 20250823100556.0 | ||
| 008 | 090930s1949 fr |||| | fre d | ||
| 080 | _a78(091) | ||
| 100 | 1 |
_aVuillermoz, Émile. _9141427 |
|
| 245 | 1 | 0 |
_aHistoire de la musique / _cÉmile Vuillermoz. |
| 260 |
_aParis : _bArthème Fayard, _c1949. |
||
| 300 |
_a501 p. : _bil. ; _c17 cm. |
||
| 490 | 1 | _aLe livre de poche. Encyclopédique | |
| 500 | _aÍndices. | ||
| 650 | 4 |
_aMúsica- _vHistoria _915391 |
|
| 830 | 0 |
_aLe livre de poche. Encyclopédique _9223466 |
|
| 852 | 4 |
_aES-MaACL _jE-13021 _9R.139303 . - _zBiblioteca Jacinto Martínez Lacalle |
|
| 999 |
_c172981 _d172981 |
||